Dynamik /

Uložené v:
Podrobná bibliografia
Ďalší autori: Groth, Werner (Compiler)
Médium: Kniha
Jazyk:German
Vydané: Leipzig : Fachbuchverlag, 1951.
Vydanie:1. Aufl.
ISBN: (brož.)
Fyzický popis: viii, 139 s.
Tagy: Pridať tag
Žiadne tagy, Buďte prvý kto otaguje tento záznam!

MARC

LEADER 00000nam a2200000 4500
001 000108310
005 20100708161342.0
008 033006s1951 gw g 000 0 ger d
020 |a (brož.) 
040 |a SVKKK  |b slo  |c SVKKK  |e AACR2 
041 1 |a ger 
044 |a gw  |c DE 
245 0 0 |a Dynamik /  |c Zusammengestellt Werner Groth. 
250 |a 1. Aufl. 
260 |a Leipzig :  |b Fachbuchverlag,  |c 1951. 
300 |a viii, 139 s. 
700 1 |a Groth, Werner  |4 com 
910 |a svkkk 
998 |a BK 
090 |g SCKHL  |k Sklad Pribinova 1. posch.  |a IV.78521  |j 501609  |i 108310-10  |s Prezenčne